| 000 | 00809nam a2200253 a 4500 | ||
|---|---|---|---|
| 001 | BRL_558 | ||
| 005 | 20190320210811.0 | ||
| 008 | 030913s1962----gw-a######---#000-0#eng-# | ||
| 041 | _aeng | ||
| 044 | _agw | ||
| 050 | 4 |
_aE65 _b.V66 1962 |
|
| 100 | 1 |
_aVon Hagen, Victor Wolfgang _d1908-1985 _924291 |
|
| 245 | 1 | 0 |
_aThe Ancient Sun Kingdoms of the Americas _bAztec, Maya, Inca _cVictor Wolfgang von Hagen ; Illustrated by Alberto Beltrán |
| 260 |
_aLondon _bThames and Hudson _c1962 |
||
| 300 |
_a348 p. _bil., 16 laminas a color _c24 cm. |
||
| 500 | _aAu612 | ||
| 504 | _aBibliografía: p.337-338 | ||
| 650 | 1 | 4 |
_aAztecas _xAntigüedades _9645 |
| 650 | 1 | 4 |
_aMayas _xAntigüedades _99555 |
| 650 | 1 | 4 |
_aIncas _xAntigüedades _924292 |
| 700 | 1 |
_aBeltrán, Alberto _eil. _99572 |
|
| 902 | _aGRL | ||
| 942 |
_2lcc _cB |
||
| 999 |
_c9370 _d9370 |
||